Desacuerdos 4 (Record no. 55)
[ view plain ]
| 000 -LEADER | |
|---|---|
| campo de control de longitud fija | 00514 a2200145 4500 |
| 020 ## - NÚMERO INTERNACIONAL ESTÁNDAR DEL LIBRO | |
| Número Internacional Estándar del Libro | 9788489771321 |
| 082 ## - NÚMERO DE LA CLASIFICACIÓN DECIMAL DEWEY | |
| Número de clasificación | 709.946 |
| Número de ítem | AR786d4 |
| 100 ## - ENTRADA PRINCIPAL--NOMBRE DE PERSONA | |
| Nombre de persona | Carrillo, Jesus; Noriega Estella, Ignacio y Garcia-Meras Lydia |
| 9 (RLIN) | 302 |
| 245 ## - MENCIÓN DEL TÍTULO | |
| Título | Desacuerdos 4 |
| 300 ## - DESCRIPCIÓN FÍSICA | |
| Extensión | 227p |
| Dimensiones | 24cm |
| 440 ## - MENCIÓN DE SERIE/PUNTO DE ACCESO ADICIONAL--TÍTULO | |
| Título | Desacuerdos |
| 9 (RLIN) | 243 |
| 505 ## - NOTA DE CONTENIDO CON FORMATO | |
| Título | Editorial |
| -- | Colectivos de cine y cine militante (1967-1981) |
| -- | Dossier video: documentos para una historia del videoarte en el Estado Espaǫl. |
| 650 ## - PUNTO DE ACCESO ADICIONAL DE MATERIA--TÉRMINO DE MATERIA | |
| Término de materia o nombre geográfico como elemento de entrada | Arte |
| Subdivisión de forma | Cultura espaǫla |
| 9 (RLIN) | 244 |
| 651 ## - PUNTO DE ACCESO ADICIONAL DE MATERIA--NOMBRE GEOGRÁFICO | |
| Nombre geográfico | Espaą |
| 9 (RLIN) | 81 |
| Estatus retirado | Estado de pérdida | Fuente del sistema de clasificación o colocación | Estado de daño | No para préstamo | Biblioteca de origen | Biblioteca actual | Ubicación en estantería | Fecha de adquisición | Total de préstamos | Signatura topográfica completa | Código de barras | Visto por última vez | Precio de reemplazo | Tipo de ítem Koha |
|---|---|---|---|---|---|---|---|---|---|---|---|---|---|---|
| Clasificación Decimal Dewey | Biblioteca LadoV | Biblioteca LadoV | 08/04/2014 | 709.946 AR786d4 | 000069 | 08/04/2014 | 08/04/2014 | Material 01 |
